| 000 | 00552nam a2200193 a 4500 | ||
|---|---|---|---|
| 001 | 000814088 | ||
| 003 | AM-YeHGA | ||
| 005 | 20250618073932.0 | ||
| 008 | 910509s1991 fr 000 1 fre d | ||
| 040 | _aAM-YeHGA | ||
| 041 | 1 |
_afre _heng |
|
| 100 | 1 |
_aՄոեմ, Սոմերսեթ, _d1874-1965 _98655 |
|
| 245 | 1 | 0 |
_aCatalina / _cW. Somerset Maugham ; Traduit de l'anglais par Helene Claireau. |
| 260 |
_aParis : _bPlon, _c1991. |
||
| 300 |
_a256 p. ; _c18 cm. |
||
| 650 | 1 | 4 | _aEnglish literature |
| 700 | 1 |
_aClaireau, Helene _4trl |
|
| 090 | _c296420 | ||
| 999 |
_c294731 _d294731 |
||